000 00792nab a2200241 u 4500
001 09016
003 HDC
007 cr bn ---aaaaa
008 210131c2013 my dr|nes 0 a may d
040 _aHDC
100 _aFadzil Zainol
_eauthor
_98154
245 0 _aPharmaniaga Intai Indonesia / oleh
_cFadzil Zainol
260 _aKuala Lumpur :
_bUtusan Melayu (M) Bhd.,
_c2013
336 _atext
_2rdacontent
337 _acomputer
_2rdamedia
338 _aonline resource
_2rdacarrier
650 _amarket prospects
_99439
650 _aPharmaniaga
_96299
856 _zRequest full-text at [email protected]
942 _2lcc
942 _cNEWS
942 _kNWSC 002439
999 _c6339
_d6339